Marketing Management (Record no. 12375)
[ view plain ]
| 000 -LEADER | |
|---|---|
| fixed length control field | 00417nam a22001697a 4500 |
| 003 - CONTROL NUMBER IDENTIFIER | |
| control field | OSt |
| 008 - FIXED-LENGTH DATA ELEMENTS--GENERAL INFORMATION | |
| fixed length control field | 240401b |||||||| |||| 00| 0 eng d |
| 020 ## - INTERNATIONAL STANDARD BOOK NUMBER | |
| International Standard Book Number | 9789325982406 |
| 082 ## - DEWEY DECIMAL CLASSIFICATION NUMBER | |
| Classification number | 658.8 KUM |
| 100 ## - MAIN ENTRY--PERSONAL NAME | |
| Personal name | KUMAR, Arun and MEENAKSHMI, N. |
| 245 ## - TITLE STATEMENT | |
| Title | Marketing Management |
| 250 ## - EDITION STATEMENT | |
| Edition statement | 3rd. ed. |
| 260 ## - PUBLICATION, DISTRIBUTION, ETC. (IMPRINT) | |
| Place of publication, distribution, etc | Noida |
| Name of publisher, distributor, etc | Vikas Publishing House Pvt. Ltd. |
| 300 ## - PHYSICAL DESCRIPTION | |
| Extent | 668 p. |
| 650 ## - SUBJECT ADDED ENTRY--TOPICAL TERM | |
| Topical term or geographic name as entry element | Commerce |
| 942 ## - ADDED ENTRY ELEMENTS (KOHA) | |
| Source of classification or shelving scheme | Dewey Decimal Classification |
| Koha item type | Text Books |
| Withdrawn status | Lost status | Source of classification or shelving scheme | Damaged status | Not for loan | Collection code | Home library | Current library | Date acquired | Source of acquisition | Currency | Cost, normal purchase price | Bill Number | Total Checkouts | Full call number | Acc. no. / Barcode | Date last seen | Actual Cost, discounted price | Bill Date | Koha item type |
|---|---|---|---|---|---|---|---|---|---|---|---|---|---|---|---|---|---|---|---|
| Dewey Decimal Classification | B.Com. Hons | PIET NCR College Library | PIET NCR College Library | 27/03/2024 | Zafaa Books & Distributors | In Rupees | 725.00 | ZBD0474 | 658.8 KUM | N3592 | 01/04/2024 | 500.25 | 27/03/2024 | Text Books | |||||
| Dewey Decimal Classification | B.Com. Hons | PIET NCR College Library | PIET NCR College Library | 27/03/2024 | Zafaa Books & Distributors | In Rupees | 725.00 | ZBD0474 | 658.8 KUM | N3593 | 01/04/2024 | 500.25 | 27/03/2024 | Text Books | |||||
| Dewey Decimal Classification | B.Com. Hons | PIET NCR College Library | PIET NCR College Library | 27/03/2024 | Zafaa Books & Distributors | In Rupees | 725.00 | ZBD0474 | 658.8 KUM | N3594 | 01/04/2024 | 500.25 | 27/03/2024 | Text Books | |||||
| Dewey Decimal Classification | B.Com. Hons | PIET NCR College Library | PIET NCR College Library | 27/03/2024 | Zafaa Books & Distributors | In Rupees | 725.00 | ZBD0474 | 658.8 KUM | N3595 | 01/04/2024 | 500.25 | 27/03/2024 | Text Books | |||||
| Dewey Decimal Classification | B.Com. Hons | PIET NCR College Library | PIET NCR College Library | 27/03/2024 | Zafaa Books & Distributors | In Rupees | 725.00 | ZBD0474 | 658.8 KUM | N3596 | 01/04/2024 | 500.25 | 27/03/2024 | Text Books |